Responses for Show #3935 - Friday, October 12, 2001

Introduction of Clue Crew member Sarah.

Contestants

[<< previous game]

Jason Logan, an independent contractor from Atlanta, Georgia

Tanya Knight, an immigration counselor from Toronto, Canada

Jim Krakar, a professional healthcare representative from Clay, New York (whose 1-day cash winnings total $11,601)

[next game >>]

Jeopardy! Round responses

STATE BORDERS
(Alex: We'll give you 2 states, you name the state that borders both of them.)
SURVIVAL SKILLS
PLANTS & TREES
SNL CATCHPHRASES
THE FOOD BUSINESS
BODY LANGUAGE
    $100 1
Colorado

Jason
    $100 16
(Tanya: What is a tourniquet?)

splint

TanyaJason
    $100 26
peanuts

Tanya
    $100 6
and you're not

Jim
    $100 19
turkey

Jason
    $100 11
your nose

Jim
    $200 2
(Jim: What is Louisiana?)
(Jason: What is Kansas?)
(Tanya: What is Alabama?)

Texas

JimTanyaJason
Triple Stumper
    $200 17
(Tanya: What are veins?)
(Alex: [*] supply blood & veins take it back.)

arteries

JimTanya
    $200 27
eucalyptus

Tanya
    $200 7
mahvelous

Tanya
    $200 20
wheat

Tanya
    $200 12
shoulder

Jason
    $300 3
Pennsylvania

Tanya
    $300 18
hyperventilating

Tanya
    $1,000 28
sugar maple

Tanya
    $300 8
Dan Aykroyd

Jason
    $300 21
Kool-Aid

Jim
    $300 13
(Jim: Don't know.)
(Jason: What is your water?)

your tongue

JimTanyaJason
    $400 4
Idaho

Tanya
    $400 24
a tracheotomy

Jim
    $400 29
[The end-of-round signal sounds.]

carnation

Jason
    $400 9
"makin' copies"

Triple Stumper
    $400 22
rice

Tanya
    $400 14
cold feet

Tanya
    $500 5
Virginia

Jason
    $500 25
(Jim: What is respiration?)
....
(Alex: We have a minute to go, Jim.)

circulation

Jim
Triple Stumper
    $500 10
Jon Lovitz

Jason
    $500 23
Olean (or olestra)

Jim
    $500 15
eye teeth

Jim

Scores at the first commercial break (after clue 15):

Jim Tanya Jason
$200 $1,400 $1,100

Scores at the end of the Jeopardy! Round:

Jim Tanya Jason
$1,100 $3,300 $1,700

Double Jeopardy! Round responses

AMERICAN PLAYWRIGHTS
AUDREY HEPBURN FILM ROLES
(Alex: You have to identify the film.)
IT'S A GROUP THING
GOOD MORNING, ARMENIA
"TWO"-DAY
THE EARL SHOW
    $200 11
Neil Simon

Tanya
    $200 6
My Fair Lady

Jason
    $200 13
all the king's horses & all the king's men

Tanya
    $200 23
(Tanya: What is Russia?)

Turkey

TanyaJason
    $200 18
"Two, two, two mints in one!"

Triple Stumper
    $200 1
Khartoum

Jason
    $400 12
Thornton Wilder

Jim
    $400 7
(Tanya: What is "Robin Hood?")

Robin and Marian

TanyaJason
    $400 15
Monty Python

Tanya
    $400 19
Two-Face

Jim
    $400 2
(Jason: No.)

Avon

Jason
Triple Stumper
    $600 14
Sergeants

Jim
    $600 8
The Nun's Story

Tanya
    $600 28
(Jim: What are peas in a pod?)
[The end-of-round signal sounds.]

a pod

JimTanya
    $600 20
(Jason: What is two to tango?)
(Alex: That's good enough!)

it takes two to tango

Jason
    $500 3
(Jason: What is Scotland?)

Elgin

Jason
    $800 16
(Jason: Who is Tom Stoppard?)

George S. Kaufman

Jason
Triple Stumper
    $800 9
Wait Until Dark

Triple Stumper
    $800 27
College of Cardinals

Jim
    $800 26
Soviet Union

Jason
    $800 21
(Jason: What is too good to be true?)

Goody two-shoes

Jason
Triple Stumper
    $800 4
Essex

Triple Stumper
    $1000 17
Hurlyburly

Triple Stumper
    $1000 10
The Children's Hour

Tanya
    $1000 24
Earth signs

Tanya
    $1000 25
(Jason: What is Iraq?)
(Jim: What is Turkey?)
(Tanya: What is Ukraine?)

Azerbaijan

JimTanyaJason
Triple Stumper
    $500 22
(Jason: [No response])
....
(Alex: Less than a minute to go.)

Two Gentlemen of Verona

Jason
    $1000 5
(Alex: All right, so much for the earls!)

Snowdon

Triple Stumper

Scores at the end of the Double Jeopardy! Round:

Jim Tanya Jason
$1,700 $5,700 $100
(lock game)

[wagering suggestions for these scores]

Final Jeopardy! Round responses

THE VOCAL ARTS
JasonWhat is the Castrati? LT (heart) JALOHO
$99
JimWhat is alto tenor?
$300
TanyaWhat is a baritone?
$2,200
the Castrati

Final scores:

Jim Tanya Jason
$1,400 $3,500 $199
2nd place: Trip to Paris New champion: $3,500 3rd place: Trip to Hawaii

Game dynamics:

Coryat scores:

Jim Tanya Jason
$1,700 $5,000 $1,100
11 R,
5 W
18 R
(including 1 DD),
6 W
14 R,
8 W
(including 2 DDs)

Combined Coryat: $7,800

[game clues] [game scores] [suggest correction]

Game tape date: 2001-08-21
The J! Archive is created by fans, for fans. Scraping, republication, monetization, and malicious use prohibited; this site may use cookies and collect identifying information. See terms. The Jeopardy! game show and all elements thereof, including but not limited to copyright and trademark thereto, are the property of Jeopardy Productions, Inc. and are protected under law. This website is not affiliated with, sponsored by, or operated by Jeopardy Productions, Inc. Join the discussion at JBoard.tv.